00759cam a22002411 45000010008000000030009000080050017000170080041000340100017000750350019000920400027001110420012001380500017001500820019001671000033001862450061002192500014002802600051002943000054003455040033003996500033004326510052004658851909BDDh-ASL20231015030029.0770726s1953 xx 000 0 eng  a 53037556  a(OCoLC)3141462 aDLCcOCdDLCdBDDh-ASL apremarc00aGB294.K3bP5 a954.6551bPII 1 aPithawalla, Manekji Bejanji.13aAn introduction to Kashmir :bits geology and geography. a[1st ed.] aMuzaffarabad :bKashmir Publications, c1953.  axii, 128 p. : bplates, maps (part fold.)c22 cm. aBibliography: p. [127]-128. 0aPhysical geographyzKashmir. 0aJammu and Kashmir (India)xEconomic conditions.